000 00594nam a2200217 a 4500
005 20210219153151.0
008 991125n 000 0 u
035 _aUPN01000081553
100 _aSweetland, James H.
222 _aLIBRARY TRENDS
245 _aHumanities, libraries, electronic publishing and the future
300 _a781-803
362 _a40, No. 4, 1992
505 _aAgosto 1993
653 0 _aBIBLIOTECAS ACADEMICAS
653 0 _aEDITORIAL ELECTRONICA
653 0 _aHUMANIDADES
653 0 _aTECNOLOGIA DE INFORMACION
904 _aAC
_b019364
905 _aArticulo
999 _c69999
_d69999